000 00275nam a2200121Ia 4500
008 191201s2013 xx 000 0 und d
100 _aKASHYAP, Pradeep
245 0 _aRural Marketing
260 _aN. Delhi
_bPearson
_c2013
300 _a301
650 _aMBA
942 _2ddc
_cBK
999 _c6183
_d6183